000 00438nam a22001697a 4500
003 OSt
005 20260405113744.0
008 260405b |||||||| |||| 00| 0 eng d
020 _a9780141034591
040 _cLIRC
082 _a330.1 TAL
100 _aTaleb, Nassim Nicholas
_91073
245 _aBlack swan: the impact of the highly improbable
260 _aLondon
_bPenguin Random House
_c2010
300 _a444 p.
942 _2ddc
_cUT
999 _c33698
_d33698